000 00591nam a2200217Ia 4500
999 _c41084
_d41084
001 7733
003 GE_BSU
005 20220923112200.0
008 181216s2010en xx |||||||||||||| ||eng||
020 _a978047066410
040 _cGE_BSU
041 _aeng
080 _a72+69 S-32
100 _aShillaci,Fabio
_914717
245 _aArchitectural Renderings :
_bConstruction and Desidn Manual /
_cFabio Shillaci
264 _aBerlin :
_bWiley,
_c2010.
300 _a465 p.:
_c28 cm.
653 _aArchitectural Renderings
653 _aარქიტექტურა
942 _cBK
_2udc